Microelectronic circuits (Record no. 1329)

000 -LEADER
fixed length control field 00597nam a22002177a 4500
001 - CONTROL NUMBER
control field 1329
003 - CONTROL NUMBER IDENTIFIER
control field BD-DhUET
008 - FIXED-LENGTH DATA ELEMENTS--GENERAL INFORMATION
fixed length control field 140903b xxu||||| |||| 00| 0 eng d
020 ## - INTERNATIONAL STANDARD BOOK NUMBER
International Standard Book Number 0195680847
040 ## - CATALOGING SOURCE
Transcribing agency 0
Modifying agency BD-DhUET
082 ## - DEWEY DECIMAL CLASSIFICATION NUMBER
Classification number 623.8153
Item number SED/1982
100 ## - MAIN ENTRY--PERSONAL NAME
Personal name Sedra, Adel.S
245 ## - TITLE STATEMENT
Title Microelectronic circuits
Statement of responsibility, etc. by Adel S. Sedra and Kenneth C. Smith
250 ## - EDITION STATEMENT
Edition statement 5th ed.
260 ## - PUBLICATION, DISTRIBUTION, ETC. (IMPRINT)
Place of publication, distribution, etc. New York
Name of publisher, distributor, etc. Oxford University Press
Date of publication, distribution, etc. 1982
300 ## - PHYSICAL DESCRIPTION
Extent xxi, 1283 p.
Other physical details ill.
Dimensions 22 cm.
504 ## - BIBLIOGRAPHY, ETC. NOTE
Bibliography, etc Includes bibliographies
650 #0 - SUBJECT ADDED ENTRY--TOPICAL TERM
Topical term or geographic name as entry element Electronic-Circuits
700 ## - ADDED ENTRY--PERSONAL NAME
Personal name Smith, Kenneth C.
942 ## - ADDED ENTRY ELEMENTS (KOHA)
Koha item type General Book
Holdings
Koha full call number Koha out on loan Copy number Koha issues (times borrowed) Price effective from Piece designation (barcode) Date acquired Shelving location Damaged status Lost status Withdrawn status Koha date last borrowed Koha item type Not for loan Location (home branch) Koha renewals Koha date last seen Source of classification or shelving scheme Koha normalized classification for sorting Sublocation or collection (holding branch)
623.8153/SED/2004 192014-09-031038712014-09-03Circulation section   2021-12-21Guide Book Central Library, BUET12022-05-22 623_000000000000000_8153SED200Central Library, BUET
623.8153/SED/20042026-02-03272014-09-031038662007-05-28Circulation section   2026-01-20General Book Central Library, BUET12026-01-20 623_815300000000000_SED_2004Central Library, BUET
623.8153/SED/20042022-12-063132014-09-031038672014-09-03Circulation section   2022-11-22Guide Book Central Library, BUET 2022-11-22 623_000000000000000_8153SED200Central Library, BUET
623.8153/SED/20042017-02-26422014-09-031038682014-09-03Circulation section   2016-02-27Guide Book Central Library, BUET 2016-02-27 623_000000000000000_8153SED200Central Library, BUET
623.8153/SED/2004 5122014-09-031038702014-09-03Circulation section   2024-03-06Guide Book Central Library, BUET 2024-06-02 623_000000000000000_8153SED200Central Library, BUET
623.8153/SED/2004 6132014-09-031038732014-09-03Circulation section   2025-08-24Guide Book Central Library, BUET22025-09-08 623_000000000000000_8153SED200Central Library, BUET
623.8153/SED/20042023-06-198162014-09-031038722014-09-03Circulation section   2023-06-05Guide Book Central Library, BUET12023-06-05 623_000000000000000_8153SED200Central Library, BUET
623.8153/SED/2004 9182014-09-031038742014-09-03Circulation section   2025-09-24Guide Book Central Library, BUET 2025-10-18 623_000000000000000_8153SED200Central Library, BUET
623.8153/SED/20042021-02-091052014-10-271016932014-10-27Circulation section   2020-02-10Guide Book Central Library, BUET 2020-02-10 623_000000000000000_8153SED200Central Library, BUET
623.8153/SED/1982 1112014-11-291077892014-11-29Circulation section   2014-12-08General Book Central Library, BUET 2026-03-08 623_815300000000000_SED_1982Central Library, BUET
623.8153/SED/19822025-05-1312102016-03-271016922016-03-27Circulation section   2025-04-29General Book Central Library, BUET 2025-04-29 623_815300000000000_SED_1982Central Library, BUET